000 00920 a2200193 4500
003 NUST
005 20251125132414.0
040 _cNust
082 _a621.382,ZIA
100 _aZia, Muhammad Saad (TCC-20)
_9132067
245 _aMicrowave Beamformer Receiver Front End /
_cMuhammad Saad Zia, Muhammad Faizan, Hassaan Ahmad and Jawad Ullah
260 _aRawalpindi
_bMCS (NUST)
_cJune 2012
300 _axii, 74 p.;
505 _aIntroduction (Page-1), Antenna Design (Page-6), Phase Shifting Switch (Page-22), Wilkinson Power Combiner (Page-29), Power Combiner and Feed Network Design (Page-37), Microwave Down-Converter (Page-41), Microwave Housing (Page-60), Control Circuitry (Page-64), Beamforming / Beam Steering Results Conclusion (Page-71), Bibliography (Page-75).
650 _aUG Projects
_998716
651 _aTCC-20
_9131219
700 _aSupervised by Dr. Farooq Ahmed Bhatti
_9132068
942 _cPR
_2ddc
999 _c190755
_d190755